Statistics for NBA Top 10 Players by Decade

Click here to take the quiz!

General Stats

  • This quiz has been taken 238 times
  • The average score is 43 of 60

Answer Stats

HintAnswer% Correct
1990sMichael Jordan
98%
1980sMichael Jordan
98%
1980sMagic Johnson
97%
1960sWilt Chamberlain
97%
2000sKobe Bryant
95%
1980sLarry Bird
95%
2010sLeBron James
94%
2000sLeBron James
94%
1980sKareem Abdul-Jabbar
93%
1970sKareem Abdul-Jabbar
93%
1960sJerry West
92%
1990sShaquille O'neal
91%
2000sShaquille O'neal
91%
1960sBill Russell
90%
2010sKevin Durant
89%
2010sStephen Curry
87%
1990sHakeem Olajuwon
86%
2000sTim Duncan
86%
2010sTim Duncan
86%
1990sScottie Pippen
85%
1980sMoses Malone
84%
2010sRussell Westbrook
84%
1990sKarl Malone
83%
2010sJames Harden
82%
1980sJulius Erving
80%
1970sJulius Erving
80%
2000sDirk Nowitzki
77%
1990sDavid Robinson
76%
1990sJohn Stockton
76%
1960sOscar Robertson
76%
2010sDwayne Wade
74%
2000sDwayne Wade
74%
2000sKevin Garnett
73%
2000sAllen Iverson
72%
1990sCharles Barkley
70%
1980sIsaiah Thomas
70%
1970sJohn Havlicek
70%
1960sElgin Baylor
69%
2010sKawhi Leonard
69%
2000sSteve Nash
68%
2010sChris Paul
66%
1990sPatrick Ewing
64%
2000sJason Kidd
63%
1960sBob Pettit
62%
1980sKevin McHale
62%
1980sJames Worthy
60%
1970sGeorge Gervin
51%
1990sGary Payton
50%
1970sWes Unseld
49%
1970sElvin Hayes
48%
1970sWalt Frazier
48%
1980sDomonique Wilkins
46%
2010sPaul George
46%
1970sRick Barry
43%
1960sSam Jones
41%
1970sBob McAdoo
39%
1960sJerry Lucas
26%
1970sBob Lanier
23%
1960sWalt Bellamy
18%
1960sBailey Howell
8%

Score Distribution

Percentile by Number Answered

Percent of People with Each Score

Your Score History

You have not taken this quiz